000 00252nam a2200109Ia 4500
008 190216s9999||||xx |||||||||||||| ||und||
100 _aTaslan Dhaniya
245 0 _aIndian Folk Arts And Crafts
260 _bNbt India
650 _aHistory
942 _cBK
999 _c18945
_d18945